00892nam a2200229 i 4500001000300000245018400003260003400187300004800221504002400269600003000293650001500323655002900338700003700367700002600404710005100430020001500481040000800496041000700504080001200511008004100523856009800564bg00aPedagogika wobec przemian i reform oświatowych /cred. nauk. Grażyna Miłkowska-Olejniczak, Kazimierz Uździcki ; Wyższa Szkoła Pedagigiczna im. Tadeusza Kotarbińskiego. aZielona Góra :bWSP,c2000. a549, [5] s. :b1 fot.kolor., rys. ;c24 cm. aBibliogr. przy ref.19aJakowicka, Maria (1929- ) 9aPedagogika aMateriały konferencyjne1 aMIŁKOWSKA-Olejniczak, Grażyna1 aUŹDZICKI, Kazimierz 0aWyższa Szkoła Pedagogiczna (Zielona Góra) a8372680094 cBPK0 apl a37(061) s pl f |000 0 pol  uhttp://koha.tu.koszalin.pl/cgi-bin/koha/opac-detail.pl?biblionumber=40476yKatalog online BPK